000 00663nam a2200229 4500
003 OSt
005 20240627060635.0
006 a
008 240627b |||||||| |||| 00| 0 eng d
020 _a9789713703934
040 _aDWCL-Main lib.
_cOC
082 _aFil. 005.13 Al417v 2010
100 _aAllaga, Wendelyn
245 _aVisual guide : visual basic and access /
260 _aManila :
_bJemma, Inc. ,
_cc2010.
300 _ax,
_b318 p. : ill. ;
_c26 cm.
504 _aIncludes bibliographical references.
650 _a1. Database management.
650 _a2. Visual Basic.
650 _a3. Computer programming.
942 _2ddc
_n0
_cBK - FIL
_kFil.
999 _c1495
_d1495